5 Personnages avec le plus d'apparitions par manga My Hero Academia - Statistiques

Statistiques générales
  • Ce quiz a été pris 972 fois
    293 depuis la dernière actualisation
  • Le résultat moyen est 162 sur 212
Statistiques - réponses
Tome Personnage Nombre de cases % Correct
1 Izuku Midoriya 490
100%
2 Izuku Midoriya 295
100%
3 Izuku Midoriya 207
100%
4 Izuku Midoriya 273
100%
5 Izuku Midoriya 192
100%
6 Izuku Midoriya 292
100%
7 Izuku Midoriya 235
100%
8 Izuku Midoriya 205
100%
9 Izuku Midoriya 232
100%
10 Izuku Midoriya 149
100%
11 Izuku Midoriya 167
100%
12 Izuku Midoriya 220
100%
13 Izuku Midoriya 172
100%
14 Izuku Midoriya 343
100%
15 Izuku Midoriya 170
100%
16 Izuku Midoriya 56
100%
17 Izuku Midoriya 159
100%
18 Izuku Midoriya 109
100%
19 Izuku Midoriya 264
100%
20 Izuku Midoriya 177
100%
21 Izuku Midoriya 71
100%
22 Izuku Midoriya 103
100%
23 Izuku Midoriya 138
100%
25 Izuku Midoriya 80
100%
26 Izuku Midoriya 165
100%
28 Izuku Midoriya 74
100%
29 Izuku Midoriya 107
100%
30 Izuku Midoriya 92
100%
31 Izuku Midoriya 73
100%
32 Izuku Midoriya 283
100%
33 Izuku Midoriya 185
100%
34 Izuku Midoriya 101
100%
35 Izuku Midoriya 105
100%
37 Izuku Midoriya 86
100%
40 Izuku Midoriya 56
100%
41 Izuku Midoriya 274
100%
42 Izuku Midoriya 245
100%
1 All Might 195
98%
2 All Might 87
98%
3 All Might 137
98%
7 All Might 101
98%
11 All Might 230
98%
13 All Might 47
98%
14 All Might 63
98%
18 All Might 55
98%
32 All Might 65
98%
33 All Might 81
98%
39 All Might 81
98%
40 All Might 157
98%
41 All Might 38
98%
1 Katsuki Bakugo 110
97%
2 Katsuki Bakugo 167
97%
3 Katsuki Bakugo 100
97%
4 Katsuki Bakugo 73
97%
5 Katsuki Bakugo 154
97%
7 Katsuki Bakugo 95
97%
8 Katsuki Bakugo 84
97%
11 Katsuki Bakugo 72
97%
13 Katsuki Bakugo 103
97%
14 Katsuki Bakugo 127
97%
18 Katsuki Bakugo 86
97%
22 Katsuki Bakugo 68
97%
25 Katsuki Bakugo 65
97%
26 Katsuki Bakugo 131
97%
28 Katsuki Bakugo 49
97%
29 Katsuki Bakugo 77
97%
33 Katsuki Bakugo 72
97%
36 Katsuki Bakugo 82
97%
40 Katsuki Bakugo 120
97%
42 Katsuki Bakugo 74
97%
3 Shoto Todoroki 87
93%
4 Shoto Todoroki 101
93%
5 Shoto Todoroki 216
93%
6 Shoto Todoroki 54
93%
7 Shoto Todoroki 109
93%
10 Shoto Todoroki 94
93%
13 Shoto Todoroki 97
93%
18 Shoto Todoroki 96
93%
22 Shoto Todoroki 77
93%
26 Shoto Todoroki 103
93%
30 Shoto Todoroki 63
93%
36 Shoto Todoroki 67
93%
42 Shoto Todoroki 67
93%
3 Tomura Shigaraki 69
88%
8 Tomura Shigaraki 77
88%
23 Tomura Shigaraki 125
88%
24 Tomura Shigaraki 128
88%
25 Tomura Shigaraki 155
88%
28 Tomura Shigaraki 123
88%
29 Tomura Shigaraki 125
88%
30 Tomura Shigaraki 97
88%
34 Tomura Shigaraki 109
88%
36 Tomura Shigaraki 83
88%
37 Tomura Shigaraki 123
88%
38 Tomura Shigaraki 37
88%
40 Tomura Shigaraki 35
88%
41 Tomura Shigaraki 223
88%
42 Tomura Shigaraki 40
88%
1 Ochaco Uraraka 68
87%
2 Ochaco Uraraka 102
87%
4 Ochaco Uraraka 96
87%
5 Ochaco Uraraka 93
87%
12 Ochaco Uraraka 112
87%
22 Ochaco Uraraka 51
87%
30 Ochaco Uraraka 63
87%
33 Ochaco Uraraka 76
87%
35 Ochaco Uraraka 60
87%
39 Ochaco Uraraka 104
87%
42 Ochaco Uraraka 140
87%
12 Katsuki Bakugo 57
86%
11 All For One 119
85%
36 All For One 87
85%
38 All For One 82
85%
40 All For One 186
85%
20 Endeavor 101
85%
21 Endeavor 92
85%
25 Endeavor 67
85%
26 Endeavor 123
85%
28 Endeavor 67
85%
29 Endeavor 50
85%
31 Endeavor 111
85%
32 Endeavor 49
85%
36 Endeavor 73
85%
8 Shota Aizawa 102
81%
9 Shota Aizawa 64
81%
26 Shota Aizawa 101
81%
28 Shota Aizawa 52
81%
41 Shota Aizawa 65
81%
1 Tenya Iida 57
78%
2 Tenya Iida 110
78%
4 Tenya Iida 76
78%
5 Tenya Iida 54
78%
6 Tenya Iida 116
78%
7 Tenya Iida 139
78%
10 Tenya Iida 73
78%
12 Tenya Iida 53
78%
22 Tenya Iida 62
78%
33 Tenya Iida 62
78%
34 Tenya Iida 40
78%
30 Dabi 73
76%
31 Dabi 68
76%
35 Dabi 74
76%
39 Dabi 65
76%
10 Eijiro Kirishima 80
71%
11 Eijiro Kirishima 61
71%
15 Eijiro Kirishima 129
71%
16 Eijiro Kirishima 163
71%
23 Himiko Toga 62
68%
24 Himiko Toga 84
68%
35 Himiko Toga 68
68%
39 Himiko Toga 151
68%
12 Denki Kaminari 60
67%
21 Hawks 84
67%
20 Hawks 74
67%
25 Hawks 72
67%
27 Hawks 80
67%
31 Hawks 90
67%
32 Hawks 49
67%
38 Hawks 50
67%
8 Momo Yaoyorozu 78
67%
10 Momo Yaoyorozu 63
67%
14 Mirio Togata 134
63%
15 Mirio Togata 68
63%
17 Mirio Togata 164
63%
37 Mirio Togata 48
63%
17 Eri 116
60%
23 Twice 59
55%
24 Twice 153
55%
27 Twice 79
55%
38 Twice 62
55%
39 Twice 85
55%
27 Fumikage Tokoyami 44
52%
38 Fumikage Tokoyami 50
52%
6 Stain 122
52%
17 Overhaul 190
47%
6 Gran Torino 122
44%
16 Tamaki Amajiki 112
44%
19 Kyoka Jiro 74
43%
28 Présent Mic 49
42%
23 Spinner 67
42%
37 Spinner 67
42%
16 Fat Gum 125
37%
14 Sir Night Eye 85
37%
15 Sir Night Eye 76
37%
17 Sir Night Eye 66
37%
15 Tamaki Amajiki 63
36%
19 Yuga Aoyama 68
36%
34 Yuga Aoyama 70
36%
35 Yuga Aoyama 56
36%
21 Hitoshi Shinso 75
34%
27 Mirko 69
34%
9 Muscular 108
32%
32 Muscular 60
32%
9 Kota Izumi 105
31%
19 Gentle 117
29%
20 Gentle 148
29%
9 Mezo Shoji 52
28%
37 Mezo Shoji 63
28%
41 Nana Shimura 39
28%
32 Lady Nagant 128
27%
24 ReDestro 84
24%
31 Rei Todoroki 66
24%
34 Star and Stripes 110
24%
19 LoveLover 70
20%
20 LoveLover 68
20%
16 Kendo Rappa 65
14%
29 Gigantomakhia 83
12%
13 Inasa Yoarashi 93
12%
18 Inasa Yoarashi 64
12%
24 Curious 48
2%
27 Docteur Ujiko 56
2%
21 Jurota Shishida 68
2%
Aucun quiz correspondant
Distribution des résultats
% des personnes avec chaque résultat
Percentile par nombre de réponses
Votre historique - résultats
Vous n’avez pas pris ce quiz depuis la dernière actualisation